Vegyesek

Elmentve itt :
Bibliográfiai részletek
Szerző: Kemény Ferenc
Dokumentumtípus: Cikk
Megjelent: 1927
Sorozat:Magyar pedagógia : a Magyar Tudományos Akadémia Pedagógiai Bizottságának folyóirata 36
Kulcsszavak:Pestalozzi Johann Heinrich, Oktatásügy Magyarország 1927
Online Access:http://misc.bibl.u-szeged.hu/10331
LEADER 00657nab a2200181 i 4500
001 misc10331
005 20191106142958.0
008 170607s1927 hu o 0|| hun d
022 |a 0025-0260 
040 |a SZTE Miscellanea Repozitórium  |b hun 
041 |a hun 
100 1 |a Kemény Ferenc 
245 1 0 |a Vegyesek  |h [elektronikus dokumentum] /  |c  Kemény Ferenc 
260 |c 1927 
300 |a 123-124 
490 0 |a Magyar pedagógia : a Magyar Tudományos Akadémia Pedagógiai Bizottságának folyóirata  |v 36 
695 |a Pestalozzi Johann Heinrich, Oktatásügy Magyarország 1927 
856 4 0 |u http://misc.bibl.u-szeged.hu/10331/1/mp_1927_123-124.pdf  |z Dokumentum-elérés